000 00322nam a2200133Ia 4500
008 190723s9999 xx 000 0 und d
020 _a978-0-7641-7905-1
100 _aPamela J. Sharpe
245 0 _aHow To Prepare For Toefl IBT
250 _a12th
260 _aNew York
_bBarron's
_c2007
300 _a812:p
942 _cBK
999 _c2017
_d2017